Government employment and wages and labor market performance

Na minha lista:
Detalhes bibliográficos
Autor principal: Demekas, Dimitri G.
Outros Autores: Kontolemis, Zenon G.
Formato: Livro
Idioma:inglês
Publicado em: Washington International Monetary Fund 1999
Colecção:IMF working paper WP/99/55
Assuntos:
Tags: Adicionar Tag
Sem tags, seja o primeiro a adicionar uma tag!

MARC

LEADER 00000nam a2200000 4500
001 c116316
005 20221221082521.9
041 0 |a eng 
044 |a US 
245 1 0 |a Government employment and wages and labor market performance  |c Prepared by Dimitri G. Demekas and Zenon G. Kontolemis 
264 1 |a Washington  |b International Monetary Fund  |c 1999 
300 |a 29 s. 
490 1 |a IMF working paper  |v WP/99/55 
830 0 |a IMF working paper  |v WP/99/55 
610 2 0 |a zamestnanosť 
610 2 0 |a mzdy 
610 2 0 |a trh práce 
610 2 0 |a nezamestnanosť 
610 2 0 |a sektor štátny 
610 2 0 |a modely 
610 2 0 |a analýza ekonometrická 
610 2 0 |a miesta pracovné 
610 2 0 |a Grécko 
100 1 |a Demekas, Dimitri G. 
700 1 |a Kontolemis, Zenon G.